Mołdawia - prawda czy fałsz? - Statystyki

Ogólne statystyki
  • Ten quiz został rozwiązany 23 razy
  • Średni wynik to 9 z 12
Statystyki odpowiedzi
Zagadnienie Odpowiedź % Poprawnych
Stolicą Mołdawii są Bielce Fałsz
100%
Naddniestrze to nazwa terytorium spornego znajdującego się w granicach Mołdawii Prawda
100%
Stolica terytorium spornego to Tyraspol Prawda
100%
Granice Mołdawii tworzą rzeki Prut i Dniestr Prawda
92%
Stolicą regionu autonomicznego są Soroki Fałsz
83%
Językiem urzędowym Mołdawii jest rosyjski Fałsz
75%
Prezydentem Mołdawii jest mężczyzna Fałsz
75%
Osetia Południowa to nazwa mołdawskiego regionu autonomicznego Fałsz
75%
Poza terytorium spornym w Mołdawii nie ma żadnego terytoria spornego lub autonomicznego Fałsz
67%
W Mołdawii leży terytorium sporne uznawane przez 3 narody Prawda
67%
Reprezentacja Mołdawii nigdy się nie zakwalifikowała na EURO Prawda
50%
Mołdawia (kraj) leży na Besarabii a Mołdawia (region w Rumunii) leży w Mołdawii Prawda
50%
Nie znaleziono quizów pasujących do podanych kryteriów
Rozkład punktacji
Procent ludzi z każdym wynikiem
Percentyl według liczby udzielonych odpowiedzi
Twoja historia wyników
Nie rozwiązałeś tego quizu